| 000 | 00497nam a22001697a 4500 | ||
|---|---|---|---|
| 005 | 20251108171235.0 | ||
| 008 | 250721s1983 xx 000 0 ara d | ||
| 082 | 1 | 4 | _aم/415/فرا |
| 100 | 1 | _aالفراء، أبو زكريا يحيى بن زياد | |
| 245 | 1 | 0 | _aالمقصور والمحدود / |
| 264 | 1 |
_aدمشق : _bدار قتيبة، _c1983. |
|
| 300 | _a219ص | ||
| 650 | 1 | 7 | _aاللغة العربية |
| 650 | 1 | 7 | _aالنحو والصرف |
| 942 |
_2ddc _cREF |
||
| 999 |
_c60182 _d60182 |
||